|
|
|
|
| LEADER |
00000nab#a22000007a#4500 |
| 001 |
arbauad039300 |
| 003 |
AR-BaUAD |
| 005 |
20250711113051.0 |
| 008 |
990823|||||||||###||||||b###|0###a|spa|| |
| 040 |
|
|
|a AR-BaUAD
|c AR-BaUAD
|b spa
|
| 100 |
|
|
|a Palminteri, Flaminia
|
| 245 |
|
|
|a Elementi decorativi /
|c Flaminia Palminteri;
|
| 300 |
0 |
|
|b fot.
|
| 653 |
|
|
|a PAISAJISMO
|
| 653 |
|
|
|a DISEÑO DEL PAISAJE
|
| 653 |
|
|
|a JARDINES
|
| 653 |
|
|
|a DECORACION
|
| 653 |
|
|
|a ORNAMENTACION
|
| 773 |
0 |
|
|t Ville Giardini
|g no. 292 [mayo 1994], p. 93-95
|
| 942 |
|
|
|c ARTI
|
| 952 |
|
|
|0 0
|1 0
|4 0
|7 0
|9 84219
|a AR-BAuAD
|b AR-BAuAD
|d 2025-07-11
|l 0
|p AAQA039300
|r 2025-07-11 11:30:51
|w 2025-07-11
|y ARTI
|
| 990 |
|
|
|a P199
|b TD
|
| 998 |
|
|
|a AAQ
|b BIBUN76
|
| 999 |
|
|
|c 63892
|d 63892
|